000 00597nam a2200193 a 4500
005 20140310183502.0
008 100324s19uu xx 00 eng d
020 _a9788126132331
050 _aTX 911.3.P4
_b.M595 2008
100 _aMetti, M.C.
245 _aHuman resource management in hospitality and tourism. /
260 _aNew Delhi, India :
_bAnmol Publications PVT. LTD,
_c2008.
300 _a278 p. :
_bill.;
_c21 cm
521 _aTOU
650 _aHospitality industry
_xPersonnel management.
650 _aTourism
_xPersonnel management.
942 _cBK
_2lcc
_kFOR
999 _c23937
_d23937